Potentials for agricultural and rural development in Latin America and the Caribbean

sin resumen

محفوظ في:
التفاصيل البيبلوغرافية
مؤلف مشترك: FAO
التنسيق: نص
منشور في: Roma: FAO
الموضوعات:
الوسوم: إضافة وسم
لا توجد وسوم, كن أول من يضع وسما على هذه التسجيلة!

MARC

LEADER 00000 a a2200000 04500
001 4146
003
040
090 |a 116400  
110 |a FAO  
245 |a Potentials for agricultural and rural development in Latin America and the Caribbean  
260 |a Roma:   |b FAO  
300 |a 138 p  
300 |b **no definido**  
520 |a sin resumen  
650 |a SECTOR AGROPECUARIO  
650 |a DESARROLLO RURAL  
999 |c 6194  |d 6194